La enseñanza y el aprendizaje (Record no. 9601)
[ view plain ]
| 000 -CABECERA | |
|---|---|
| campo de control de longitud fija | 01118nam a2200289 a 4500 |
| 001 - NÚMERO DE CONTROL | |
| campo de control | BRL_789 |
| 005 - FECHA Y HORA DE LA ÚLTIMA TRANSACCIÓN | |
| campo de control | 20190320210910.0 |
| 008 - DATOS DE LONGITUD FIJA--INFORMACIÓN GENERAL | |
| campo de control de longitud fija | 071013s1974----mx-#######---#000-0#spa-# |
| 041 ## - CÓDIGO DE LENGUA | |
| Código de lengua del texto/banda sonora o título independiente | spa |
| Código de lengua original | eng |
| 044 ## - CÓDIGO DEL PAÍS DE LA ENTIDAD EDITORA/PRODUCTORA | |
| Código MARC del país | mx |
| 050 #4 - SIGNATURA TOPOGRÁFICA DE LA BIBLIOTECA DEL CONGRESO | |
| Número de clasificación | LB2331 |
| Número de documento/Ítem | .M33 1974 |
| 100 1# - ENTRADA PRINCIPAL--NOMBRE DE PERSONA | |
| Nombre de persona | MacKenzie, Norman |
| 9 (RLIN) | 24953 |
| 245 10 - MENCIÓN DE TÍTULO | |
| Título | La enseñanza y el aprendizaje |
| Resto del título | introducción a nuevos métodos y recursos en la educación superior |
| Mención de responsabilidad, etc. | Norman McKenzie, Michael Eraut y Hywel C. Jones ; traducción de Jorge Ferreiro Santana. |
| 260 ## - PUBLICACIÓN, DISTRIBUCIÓN, ETC. | |
| Lugar de publicación, distribución, etc. | México |
| Nombre del editor, distribuidor, etc. | Secretaría de Educación Pública |
| Fecha de publicación, distribución, etc. | 1974 |
| 300 ## - DESCRIPCIÓN FÍSICA | |
| Extensión | 2v. |
| Dimensiones | 17 cm. |
| 440 #0 - MENCIÓN DE SERIE/PUNTO DE ACCESO ADICIONAL--TÍTULO | |
| Título | Sepsetentas |
| Designación de volumen o secuencia | 137-138 |
| 9 (RLIN) | 22717 |
| 500 ## - NOTA GENERAL | |
| Nota general | v.1 Au923, v.2 Au919 |
| 500 ## - NOTA GENERAL | |
| Nota general | Estado físico: Desprendimiento de las tres primeras paginas volumen 1. |
| 500 ## - NOTA GENERAL | |
| Nota general | Traducción de: Teaching and learning |
| 505 0# - NOTA DE CONTENIDO CON FORMATO | |
| Nota de contenido con formato | Contenido: v.1 Nuevas perspectivas - v.2 Metodología y la administración de recursos. |
| 650 14 - PUNTO DE ACCESO ADICIONAL DE MATERIA--TÉRMINO DE MATERIA | |
| Término de materia o nombre geográfico como elemento de entrada | Educación superior |
| 9 (RLIN) | 24954 |
| 700 1# - PUNTO DE ACCESO ADICIONAL--NOMBRE DE PERSONA | |
| Nombre de persona | Eraut, Michael |
| 9 (RLIN) | 24955 |
| 700 1# - PUNTO DE ACCESO ADICIONAL--NOMBRE DE PERSONA | |
| Nombre de persona | Jones, Hywel C. |
| 9 (RLIN) | 24956 |
| 700 1# - PUNTO DE ACCESO ADICIONAL--NOMBRE DE PERSONA | |
| Nombre de persona | Ferreiro Santana, Jorge |
| Término indicativo de función/relación | tr. |
| 9 (RLIN) | 24957 |
| 902 ## - CATALOGADOR | |
| Iniciales | GRL |
| 942 ## - ELEMENTOS DE PUNTO DE ACCESO ADICIONAL (KOHA) | |
| Fuente del sistema de clasificación o colocación | Library of Congress Classification |
| Tipo de ítem Koha | Libros |
| Estado de retiro | Estado de pérdida | Estado dañado | No para préstamo | Localización permanente | Ubicación/localización actual | Fecha de adquisición | Total de préstamos | Signatura topográfica completa | Código de barras | Fecha visto por última vez | Precio válido a partir de | Tipo de ítem Koha |
|---|---|---|---|---|---|---|---|---|---|---|---|---|
| El ejemplar forma parte de la colección y puede ser consultado según las políticas vigentes. | Biblioteca Centro de Estudios Ruth D. Lechuga | Biblioteca Centro de Estudios Ruth D. Lechuga | 07/10/2013 | LB2331 .M33 1974 | GRL00858 | 22/03/2019 | 22/03/2019 | Libros | ||||
| El ejemplar forma parte de la colección y puede ser consultado según las políticas vigentes. | Biblioteca Centro de Estudios Ruth D. Lechuga | Biblioteca Centro de Estudios Ruth D. Lechuga | 15/09/2015 | LB2331 .M33 1974 | GRL00869 | 22/03/2019 | 22/03/2019 | Libros |